Finanční deriváty-alternativa portfolia
Finančné deriváty a riziko. Diverzifikácia aktív a tvorba portfólia. Cenné papiere a deriváty na Burze cenných papierov Praha. Prehľad futures kontraktov obchodovaných na BCPP. Portfolio verzus derivát.
Salvato in:
| Autore principale: | |
|---|---|
| Altri autori: | |
| Natura: | Capitolo di libro |
| Lingua: | ceco |
| Soggetti: | |
| Tags: |
Nessun Tag, puoi essere il primo ad aggiungerne!!
|
MARC
| LEADER | 00000nla$a2200000$$$4500 | ||
|---|---|---|---|
| 001 | 0124617 | ||
| 005 | 20221019085822.2 | ||
| 041 | 0 | |a cze | |
| 044 | |a CZ | ||
| 245 | 1 | 0 | |a Finanční deriváty-alternativa portfolia |c Zdeněk Makovský, Liběna Tetřevová |
| 520 | |a Finančné deriváty a riziko. Diverzifikácia aktív a tvorba portfólia. Cenné papiere a deriváty na Burze cenných papierov Praha. Prehľad futures kontraktov obchodovaných na BCPP. Portfolio verzus derivát. | ||
| 610 | 2 | 0 | |a deriváty |
| 610 | 2 | 0 | |a trh finančný |
| 610 | 2 | 0 | |a futurity |
| 610 | 2 | 0 | |a papiere cenné |
| 610 | 2 | 0 | |a burzy cenných papierov |
| 610 | 2 | 0 | |a portfólio |
| 100 | 1 | |a Makovský, Zdeněk | |
| 700 | 1 | |a Tětrevová, Liběna | |